00948nam a22002777a 450000500170000000800410001701000140005802000260007203500130009803700150011104000180012608200100014410000180015424500970017226000360026927000460030530000290035150000190038065000210039965000320042070000170045270000170046994200240048699900170051095201430052720090622134548.0060620s2007 cauab b 001 0 eng  aENG-94169 a9788120336100c350.00 aEN-77702 bDBAD / PUB adplbEnglish  a539.7 aMittal, V.K.  aIntroduction to nuclear and particle physics /cby V.K. Mittal, R.C. Verma [and] S.C. Gupta  aNew Delhi bPHI Learning c2009 aM-97 Connaught Circus bNew Delhie110001 axiii, 370p. c26cm(pbk)  aIncludes index aNuclear physics. aParticles (Nuclear physics) aVerma, R.C.  aGupta, S.C.  2ddccENmMITh539.7 c27751d27751 00102ddc40718NFICaDBADbDBADd2009-06-22eDBAD / PUBg350.00l0o539.7 MITpEN-77702r2009-06-22 00:00:00t1v350.00w2009-06-22yEN